Người đàn bà ngã xuống biển và lâu đài Winterfire

में बचाया:
ग्रंथसूची विवरण
मुख्य लेखक: A. Berkeley
स्वरूप: पुस्तक
भाषा:Undetermined
प्रकाशित: Hội nhà văn 2001
टैग : टैग जोड़ें
कोई टैग नहीं, इस रिकॉर्ड को टैग करने वाले पहले व्यक्ति बनें!
Thư viện lưu trữ: Trung tâm Học liệu Trường Đại học Cần Thơ
LEADER 00483nam a2200145Ia 4500
001 CTU_48745
008 210402s9999 xx 000 0 und d
082 |a 813.5 
082 |b B512 
100 |a A. Berkeley 
245 0 |a Người đàn bà ngã xuống biển và lâu đài Winterfire 
245 0 |c A. Berkeley, C. Scofield; Dịch giả: Vũ Đình Phòng 
260 |b Hội nhà văn 
260 |c 2001 
980 |a Trung tâm Học liệu Trường Đại học Cần Thơ